Arbitraje : (Registro nro. 24593)

Detalles MARC
000 -Cabecera
Campo de control interno 00537nam a2200181Ia 4500
005 - Fecha y hora del registro
control field 20260414151054.0
008 - Elementos de Longitud Fija
fixed length control field 260414t2017||||xx |||||||||||||| ||spa||
041 ## - Idioma
Codigo Idioma ESP
082 ## - DEWEY y NOTACIÓN INTERNA
Dewey 345.721
Notación Interna B141 V. 37
110 ## - AUTOR INSTTITUCIONAL
Autor Institucional Estudio Mario Castillo Freyre
245 #0 - TÍTULO DE MATERIAL BIBLIOGRÁFICO
Título Arbitraje :
Título paralelo actas del Tercer Congreso Internacional de Arbitraje y Conciliación de la Asociación Zambrano - Cusco 2015
260 ## - CIUDAD, EDITORIAL, AÑO
Año 2017
300 ## - DESCRIPCIÓN
N° Páginas 331 páginas :
Dimensiones 24 cm.
650 ## - TEMAS
Temas Derecho
654 ## - PROGRAMAS
Programa Dpto. de Derecho y Ciencia Política
942 ## - ELEMENTOS DE KOHA
Tipo de documento Libro
Nombre del creador Justo Noguera
Código de catalogador Justo Noguera
Esquema de clasificación Dewey Decimal Classification
Suppress in OPAC
110 ## - AUTOR INSTTITUCIONAL
Relator term AUT
Existencias
Codigo completo Registro Colección Copia número Disponibilidad Tipo de préstamo Biblioteca Actual Procedencia (Biblioteca) Ubicacón Fecha Ingreso Tipo de Adquisición Date last seen Total checkouts Price effective from Tipo de Item Estado del Material Damaged status Withdrawn status
345.721 B141 V. 37 1060606 Universidad Católica San Pablo 1 Disponible Disponible Víctor Andrés Belaunde Víctor Andrés Belaunde Primer piso 14/04/2026 Donación 14/04/2026   14/04/2026 Libro Bueno